| 000 | 01157nam a22004337a 4500 | ||
|---|---|---|---|
| 005 | 20260429171203.0 | ||
| 008 | 190115b2013 xxu||||| |||| 00| 0 spa d | ||
| 020 | _a9786077076209 | ||
| 041 | _aESP | ||
| 082 | _a371.334 P419c | ||
| 100 | _aPeña, Rosario | ||
| 245 | _aCómo enseñar utilizando las redes sociales | ||
| 260 | _aMéxico | ||
| 260 | _bAlfaomega | ||
| 260 | _c2013 | ||
| 300 | _a318 páginas | ||
| 490 | _aTecnologías de la Información | ||
| 650 | _aENSEÑANZA POR COMPUTADORAS | ||
| 650 | _aINTERNET EN EDUCACIÓN | ||
| 650 | _aREDES SOCIALES | ||
| 650 | _aTWITTER | ||
| 650 | _aFACEBOOK | ||
| 650 | _aGOOGLE PLUS | ||
| 650 | _aLINKEDIN | ||
| 650 | _aRED EDUCATIVA ESCOLAR | ||
| 650 | _aTECNOLOGÍAS DE INFORMACIÓN Y COMUNICACIÓN | ||
| 650 | _aEDUCACIÓN MUSICAL | ||
| 650 | _aCOMPUTACIÓN EN LA NUBE | ||
| 650 | _aMATEMÁTICA 2.0 | ||
| 650 | _aGENÉTICA 2.0 | ||
| 650 | _aACTIVIDADES DE APRENDIZAJE | ||
| 650 | _aEDMODO | ||
| 650 | _aWEB 2.0 | ||
| 650 | _aRED DE EDUCADORES | ||
| 650 | _aBLOGS | ||
| 650 | _aAPRENDIZAJE VIRTUAL | ||
| 650 | _aINNOVACIÓN EN PEDAGOGÍA | ||
| 942 |
_cBK _2ddc |
||
| 999 |
_c11539 _d11539 |
||